Statistics for Canadian Lakes

Click here to take the quiz!

General Stats

  • This quiz has been taken 20 times
  • The average score is 21 of 136

Answer Stats

LakeProvince / Territory% Correct
Lake OntarioOntario
100%
Lake SuperiorOntario
100%
Lake ErieOntario
92%
Lake HuronOntario
92%
Lake WinnipegManitoba
92%
Great Bear LakeNorthwest Territories
85%
Great Slave LakeNorthwest Territories
85%
Lake AthabascaAlberta, Saskatchewan
77%
Lake ManitobaManitoba
77%
Lake NipigonOntario
77%
Lake WinnipegosisManitoba
62%
Reindeer LakeManitoba, Saskatchewan
62%
Tehek LakeNunavut
62%
Lake of the WoodsManitoba, Ontario
46%
Sambaa K'eNorthwest Territories
46%
Smallwood ReservoirNewfoundland and Labrador
46%
Trout LakeOntario
46%
Baker LakeNunavut
38%
Dubawnt LakeNorthwest Territories, Nunavut
38%
Lac MistassiniQuebec
38%
Lac Saint-JeanQuebec
38%
Lake NipissingOntario
38%
Amadjuak LakeNunavut
31%
Lake ChamplainQuebec
31%
Lake ClaireAlberta
31%
Lake St. ClaireOntario
31%
Black LakeSaskatchewan
23%
Caniapiscau ReservoirQuebec
23%
Lac SeulOntario
23%
Nettilling LakeNunavut
23%
Sandy LakeOntario
23%
Aberdeen LakeNunavut
15%
Big Trout LakeOntario
15%
Bras d'Or LakeNova Scotia
15%
Buffalo LakeNorthwest Territories
15%
Churchill LakeSaskatchewan
15%
Garry LakeNunavut
15%
Grand LakeNewfoundland and Labrador
15%
Kootenay LakeBritish Columbia
15%
Lac BienvilleQuebec
15%
Lac JosephNewfoundland and Labrador
15%
Lac la RongeSaskatchewan
15%
Lake MelvilleNewfoundland and Labrador
15%
Lake St. JosephOntario
15%
Lesser Slave LakeAlberta
15%
Montreal LakeSaskatchewan
15%
Southern Indian LakeManitoba
15%
Wollaston LakeSaskatchewan
15%
Artillery LakeNorthwest Territories
8%
Atlin LakeBritish Columbia
8%
Babine LakeBritish Columbia
8%
Cedar LakeManitoba
8%
Cross LakeManitoba
8%
Gods LakeManitoba
8%
Gouin ReservoirQuebec
8%
Hottah LakeNorthwest Territories
8%
Island LakeManitoba
8%
Kasba LakeNorthwest Territories, Nunavut
8%
Kluane LakeYukon
8%
Lac La MartreNorthwest Territories
8%
Lake AbitibiOntario, Quebec
8%
Lake DiefenbakerSaskatchewan
8%
Lake EvansQuebec
8%
Lake MintoQuebec
8%
Lake SimcoeOntario
8%
MacKay LakeNorthwest Territories
8%
Napaktulik LakeNunavut
8%
Oxford LakeManitoba
8%
Point LakeNorthwest Territories
8%
Princess Mary LakeNunavut
8%
Rainy LakeOntario
8%
Tulemalu LakeNunavut
8%
Williston LakeBritish Columbia
8%
Yathkyed LakeNunavut
8%
Amisk LakeSaskatchewan
0%
Angikuni LakeNunavut
0%
Ashuanipi LakeNewfoundland and Labrador
0%
Atikonak LakeNewfoundland and Labrador
0%
Aylmer LakeNorthwest Territories
0%
Baskatong ReservoirQuebec
0%
Bistcho LakeAlberta
0%
Bluenose LakeNunavut
0%
Cabonga ReservoirQuebec
0%
Clinton-Colden LakeNorthwest Territories
0%
Colville LakeNorthwest Territories
0%
Contwoyto LakeNunavut
0%
Cree LakeSaskatchewan
0%
Dauphin LakeManitoba
0%
Deschambault LakeSaskatchewan
0%
Doré LakeSaskatchewan
0%
Dozois ReservoirQuebec
0%
Eastmain ReservoirQuebec
0%
Ennadai LakeNunavut
0%
Faber LakeNorthwest Territories
0%
Ferguson LakeNunavut
0%
Frobisher LakeSaskatchewan
0%
Granville LakeManitoba
0%
Hall LakeNunavut
0%
Kamilukuak LakeNunavut
0%
Kaminak LakeNunavut
0%
Lac a l'Eau ClaireQuebec
0%
Lac aux FeuillesQuebec
0%
Lac de GrasNorthwest Territories
0%
Lac des BoisNorthwest Territories
0%
Lac Guillaume-DelisleQuebec
0%
Lac PayneQuebec
0%
Lac SakamiQuebec
0%
Lacs des Loups MarinsQuebec
0%
Laforge-1 ReservoirQuebec
0%
La Grande 3 ReservoirQuebec
0%
La Grande-4 ReservoirQuebec
0%
Lake AlbanelQuebec
0%
Lake HazenNunavut
0%
Lake ManouaneQuebec
0%
MacAlpine LakeNunavut
0%
Mallery LakeNunavut
0%
Manicouagon ReservoirQuebec
0%
Molson LakeManitoba
0%
Netchaka ReservoirBritish Columbia
0%
Nonacho LakeNorthwest Territories
0%
Nueltin LakeNunavut
0%
Outardes-4 ReservoirQuebec
0%
Peter Pond LakeSaskatchewan
0%
Pinehouse LakeSaskatchewan
0%
Pipmuacan ReservoirQuebec
0%
Playgreen LakeManitoba
0%
Primrose LakeSaskatchewan
0%
Qamanirjuaq LakeNunavut
0%
Robert-Bourassa ReservoirQuebec
0%
Selwyn LakeNorthwest Territories
0%
Sipiwesk LakeManitoba
0%
Snowbird LakeNorthwest Territories
0%
South Henik LakeNunavut
0%
Tathlina LakeNorthwest Territories
0%
Tebesjuak LakeNunavut
0%
Wholdaia LakeNorthwest Territories
0%

Score Distribution

Percentile by Number Answered

Percent of People with Each Score

Your Score History

You have not taken this quiz